| 000 | 00708nam a2200253 i 4500 | ||
|---|---|---|---|
| 001 | 8104 | ||
| 003 | ES-MaACL | ||
| 005 | 20250904065056.0 | ||
| 007 | t| | ||
| 008 | 920218s1990 sp ||||1| spa d | ||
| 020 | _a8485815254 | ||
| 080 | _a85-14"12/13" | ||
| 080 | _a85(Angiolieri,C.7 C.02) | ||
| 100 | 1 |
_aAngiolieri, Cecco. _921731 |
|
| 245 | 1 | 0 |
_aCancionero / _cCecco Angiolieri ; edición de Angel Guinda. |
| 260 |
_aZaragoza : _bOlifante, _cD.L.1990. |
||
| 300 |
_a83 p. ; _c21 cm. |
||
| 490 | 1 | _aOlifante | |
| 700 | 1 |
_aGuinda, Ángel, _d1948-2022 _960854 |
|
| 830 | 0 | 0 |
_aOlifante (Serie) _9178046 |
| 852 |
_aES-MaACL _jL-15548 _bR.119940 |
||
| 942 | _2udc | ||
| 999 |
_c8104 _d8104 |
||